000 00476nam a2200181Ia 4500
001 18536
005 20260306171638.0
008 260306s9999||||xx |||||||||||||| ||und||
041 _aESP
082 _a658.408
_bC25
100 _aCanessa Illich, Giuliana
_eAUT
245 0 _aEl ABC de la responsabilidad social empresarial en el Perú y en el mundo
260 _c2007
300 _a95 páginas :
_c22 cm.
650 _aGEN
654 _aCAN
942 _cLIB
_dJUS
_fJUS
_2ddc
_n
999 _c18536
_d18536